| 000 -LEADER |
| fixed length control field |
00327nam a2200109Ia 4500 |
| 008 - FIXED-LENGTH DATA ELEMENTS--GENERAL INFORMATION |
| fixed length control field |
200302s9999 xx 000 0 und d |
| 100 ## - MAIN ENTRY--PERSONAL NAME |
| Personal name |
Christian Boch ed., |
| 245 ## - TITLE STATEMENT |
| Title |
Architectural Atmospheres on the Experience and Politics of Architecture |
| 260 ## - PUBLICATION, DISTRIBUTION, ETC. |
| Name of publisher, distributor, etc. |
Birkhauser Publishers for Architecture |
| 260 ## - PUBLICATION, DISTRIBUTION, ETC. |
| Date of publication, distribution, etc. |
2014 |
| 300 ## - PHYSICAL DESCRIPTION |
| Extent |
111 |